[Event "C10"]
[Site "?"]
[Date "2020.08.28"]
[Round "8.1"]
[White "Sowinski, Pawel"]
[Black "Rozanski, Mateusz"]
[Result "1-0"]
[BlackElo "1582"]
[WhiteElo "1497"]
[LiveChessVersion "1.4.8"]

1. Nf3 {[%clk 0:15:17]} f5 {[%clk 0:15:11]} 2. d4 {[%clk 0:15:16]} Nf6
{[%clk 0:15:18]} 3. c4 {[%clk 0:15:06]} g6 {[%clk 0:15:25]} 4. Nc3
{[%clk 0:15:04]} Bg7 {[%clk 0:15:33]} 5. h4 {[%clk 0:15:00]} d6 {[%clk 0:15:35]}
6. Qc2 {[%clk 0:13:53]} Be6 {[%clk 0:15:32]} 7. e3 {[%clk 0:12:24]} Nbd7
{[%clk 0:15:27]} 8. Bd3 {[%clk 0:12:25]} h6 {[%clk 0:15:16]} 9. h5
{[%clk 0:11:44]} Nxh5 {[%clk 0:15:21]} 10. Nh4 {[%clk 0:11:12]} Bf7
{[%clk 0:15:05]} 11. g4 {[%clk 0:11:20]} Nhf6 {[%clk 0:13:03]} 12. gxf5
{[%clk 0:11:28]} g5 {[%clk 0:13:10]} 13. Ng6 {[%clk 0:11:36]} Bxg6
{[%clk 0:13:17]} 14. fxg6 {[%clk 0:11:45]} e5 {[%clk 0:13:13]} 15. Bd2
{[%clk 0:10:05]} exd4 {[%clk 0:12:57]} 16. exd4 {[%clk 0:10:13]} Qe7+
{[%clk 0:13:01]} 17. Ne2 O-O {[%clk 0:11:51]} 18. f3 {[%clk 0:07:55]} Ne8
{[%clk 0:11:04]} 19. O-O-O {[%clk 0:08:02]} c5 {[%clk 0:10:48]} 20. f4
{[%clk 0:06:54]} g4 {[%clk 0:08:34]} 21. f5 {[%clk 0:05:57]} cxd4
{[%clk 0:08:34]} 22. Nf4 {[%clk 0:03:41]} Ne5 {[%clk 0:07:23]} 23. Nh5
{[%clk 0:03:34]} b5 {[%clk 0:04:50]} 24. Nxg7 {[%clk 0:01:45]} Nxg7
{[%clk 0:03:37]} 25. Bxh6 {[%clk 0:01:53]} Nxd3+ {[%clk 0:01:31]} 26. Qxd3
{[%clk 0:01:48]} Rxf5 {[%clk 0:01:26]} 27. Bxg7 {[%clk 0:01:47]} Qg5+
{[%clk 0:01:35]} 28. Kb1 {[%clk 0:01:41]} Kxg7 {[%clk 0:01:33]} 29. Qxd4+
{[%clk 0:01:49]} Kxg6 {[%clk 0:01:39]} 30. Qxd6+ {[%clk 0:01:51]} Rf6
{[%clk 0:01:42]} 31. Qc7 Qf5+ {[%clk 0:01:25]} 32. Ka1 {[%clk 0:01:49]} Kg5
{[%clk 0:00:26]} 33. Rd5 {[%clk 0:01:47]} Rh8 {[%clk 0:00:29]} 34. Rxf5+
{[%clk 0:01:51]} Rxf5 {[%clk 0:00:38]} 35. Qg7+ {[%clk 0:01:59]} Kf4
{[%clk 0:00:47]} 36. Qxh8 {[%clk 0:02:05]} Kf3 {[%clk 0:00:48]} 37. Qc3+
{[%clk 0:02:09]} Kg2 {[%clk 0:00:56]} 38. Rd1 {[%clk 0:02:09]} g3
{[%clk 0:01:01]} 39. c5 {[%clk 0:02:12]} b4 {[%clk 0:01:08]} 40. Qc2+
{[%clk 0:02:15]} Rf2 {[%clk 0:01:16]} 41. Rd2 {[%clk 0:02:18]} Kh1
{[%clk 0:01:24]} 42. Rxf2 {[%clk 0:02:22]} gxf2 {[%clk 0:01:32]} 43. Qxf2
{[%clk 0:02:30]} b3 {[%clk 0:01:42]} 44. c6 {[%clk 0:02:36]} 1-0

[Event "C10"]
[Site "?"]
[Date "2020.08.28"]
[Round "8.2"]
[White "Butkiewicz, Jan"]
[Black "Ochedzan, Filip"]
[Result "1/2-1/2"]
[BlackElo "1371"]
[WhiteElo "1301"]
[LiveChessVersion "1.4.8"]

1. d4 {[%clk 0:15:19]} d5 {[%clk 0:15:19]} 2. c4 {[%clk 0:15:28]} dxc4
{[%clk 0:15:25]} 3. e4 {[%clk 0:15:34]} Nf6 {[%clk 0:15:31]} 4. Nc3
{[%clk 0:15:43]} e6 {[%clk 0:15:38]} 5. Bxc4 {[%clk 0:15:50]} c5 {[%clk 0:15:31]}
6. Be3 {[%clk 0:15:09]} cxd4 {[%clk 0:15:21]} 7. Bxd4 {[%clk 0:15:06]} Nc6
{[%clk 0:15:07]} 8. Nf3 {[%clk 0:14:50]} a6 {[%clk 0:14:43]} 9. Bxf6
{[%clk 0:13:52]} Qxf6 {[%clk 0:13:42]} 10. a3 {[%clk 0:13:40]} b5
{[%clk 0:13:10]} 11. Bd3 {[%clk 0:10:00]} Bb7 {[%clk 0:12:10]} 12. Qe2
{[%clk 0:08:41]} Bc5 {[%clk 0:11:22]} 13. Rc1 {[%clk 0:08:05]} Bb6
{[%clk 0:08:54]} 14. O-O {[%clk 0:06:10]} O-O {[%clk 0:08:53]} 15. e5
{[%clk 0:04:54]} Qe7 {[%clk 0:08:26]} 16. Ne4 {[%clk 0:04:53]} Nd4
{[%clk 0:06:34]} 17. Nxd4 {[%clk 0:04:07]} Bxd4 {[%clk 0:06:42]} 18. Nf6+
{[%clk 0:00:17]} gxf6 {[%clk 0:03:58]} 19. Bxh7+ {[%clk 0:00:23]} Kxh7
{[%clk 0:03:36]} 20. Qh5+ {[%clk 0:00:32]} Kg7 {[%clk 0:03:44]} 21. Qg4+
{[%clk 0:00:37]} Kh8 {[%clk 0:03:47]} 22. Qh5+ {[%clk 0:00:37]} Kg7
{[%clk 0:03:54]} 23. Qg4+ {[%clk 0:00:46]} Kh8 {[%clk 0:04:02]} 24. Qh5+
{[%clk 0:00:43]} 1/2-1/2

[Event "C10"]
[Site "?"]
[Date "2020.08.28"]
[Round "8.4"]
[White "Obrycki, Tomasz"]
[Black "Jasiulewicz, Kamil"]
[Result "1-0"]
[BlackElo "1255"]
[WhiteElo "1295"]
[LiveChessVersion "1.4.8"]

1. e4 e5 2. Bc4 Nf6 3. d4 Nxe4 4. dxe5 c6 5. Qf3 d5 6. Bd3 Qa5+ 7. c3 Nc5 8. Bc2
Qc7 9. Qe2 Be7 10. h3 Nbd7 11. Nf3 Nf8 12. O-O Ng6 13. Re1 Be6 14. Nd4 O-O 15. f4
Bh4 16. Rf1 Bd7 17. b4 Na6 18. Kh2 Rfe8 19. g3 Bf6 20. Qf3 Be7 21. h4 Be6 22. h5
Nf8 23. f5 1-0

[Event "C10"]
[Site "?"]
[Date "2020.08.28"]
[Round "8.5"]
[White "Hartlinski, Tomasz"]
[Black "Witczak, Borys"]
[Result "0-1"]
[BlackElo "1488"]
[WhiteElo "1247"]
[LiveChessVersion "1.4.8"]

1. e4 {[%clk 0:15:19]} c5 {[%clk 0:15:19]} 2. Nf3 {[%clk 0:15:28]} d6
{[%clk 0:15:28]} 3. d4 {[%clk 0:15:26]} cxd4 {[%clk 0:15:36]} 4. Nxd4
{[%clk 0:15:33]} Nf6 {[%clk 0:15:42]} 5. Nc3 {[%clk 0:15:39]} a6 {[%clk 0:15:50]}
6. a4 {[%clk 0:15:43]} e5 {[%clk 0:15:56]} 7. Nb3 {[%clk 0:15:11]} Be7
{[%clk 0:15:55]} 8. Bd3 {[%clk 0:15:17]} Be6 {[%clk 0:16:02]} 9. O-O
{[%clk 0:15:23]} O-O {[%clk 0:16:09]} 10. Nd5 {[%clk 0:15:09]} Bxd5
{[%clk 0:16:11]} 11. exd5 {[%clk 0:15:18]} Nbd7 {[%clk 0:15:45]} 12. a5
{[%clk 0:15:23]} Rc8 {[%clk 0:15:36]} 13. c4 {[%clk 0:15:25]} Nc5
{[%clk 0:14:07]} 14. Nxc5 {[%clk 0:15:32]} Rxc5 {[%clk 0:14:15]} 15. b4
{[%clk 0:15:40]} Rc7 {[%clk 0:14:11]} 16. Bg5 {[%clk 0:13:57]} Nxd5
{[%clk 0:12:10]} 17. Bxe7 {[%clk 0:11:27]} Nxe7 {[%clk 0:12:14]} 18. b5
{[%clk 0:11:20]} Ng6 {[%clk 0:11:24]} 19. b6 {[%clk 0:10:47]} Rc5
{[%clk 0:11:20]} 20. g3 {[%clk 0:10:46]} Qf6 {[%clk 0:11:20]} 21. Be4
{[%clk 0:10:16]} Qe7 {[%clk 0:10:52]} 22. Bd5 {[%clk 0:10:12]} Rd8
{[%clk 0:09:49]} 23. Qf3 {[%clk 0:10:03]} Rd7 {[%clk 0:09:25]} 24. h4
{[%clk 0:08:13]} Nf8 {[%clk 0:08:06]} 25. Rfe1 {[%clk 0:06:38]} Ne6
{[%clk 0:07:42]} 26. Rad1 {[%clk 0:06:08]} Nd8 {[%clk 0:07:05]} 27. Re4
{[%clk 0:05:06]} Rxa5 {[%clk 0:06:22]} 28. h5 {[%clk 0:04:43]} Rc5
{[%clk 0:05:48]} 29. h6 {[%clk 0:04:36]} g6 {[%clk 0:05:47]} 30. Rg4
{[%clk 0:04:29]} Nc6 {[%clk 0:05:22]} 31. Qf5 {[%clk 0:03:29]} Kh8
{[%clk 0:04:34]} 32. Qd3 {[%clk 0:02:40]} Qf6 {[%clk 0:03:51]} 33. Bxc6
{[%clk 0:02:17]} Rxc6 {[%clk 0:03:43]} 34. Qd5 {[%clk 0:01:37]} Qe6
{[%clk 0:03:27]} 35. Qxe6 {[%clk 0:01:33]} fxe6 {[%clk 0:03:35]} 36. Re4
{[%clk 0:01:31]} Kg8 {[%clk 0:02:32]} 37. Rxe5 {[%clk 0:01:36]} Kf7
{[%clk 0:02:31]} 38. c5 {[%clk 0:00:54]} d5 {[%clk 0:02:24]} 39. Rc1
{[%clk 0:00:58]} Kf6 {[%clk 0:02:31]} 40. f4 {[%clk 0:00:55]} d4 {[%clk 0:02:32]}
41. Kf2 {[%clk 0:00:49]} d3 {[%clk 0:02:40]} 42. Ke3 {[%clk 0:00:19]} Ke7
{[%clk 0:01:53]} 43. Rd1 Rd5 {[%clk 0:01:57]} 44. Rc1 {[%clk 0:00:13]} d2
{[%clk 0:01:59]} 45. Rd1 {[%clk 0:00:20]} Rxe5+ {[%clk 0:02:02]} 46. fxe5
{[%clk 0:00:29]} Rxc5 {[%clk 0:02:10]} 47. Kd4 {[%clk 0:00:39]} Rd5+
{[%clk 0:02:09]} 48. Ke4 {[%clk 0:00:33]} a5 {[%clk 0:02:05]} 49. Ke3
{[%clk 0:00:26]} Kd7 {[%clk 0:02:13]} 50. Rxd2 {[%clk 0:00:35]} Rxd2
{[%clk 0:02:21]} 51. Kxd2 {[%clk 0:00:44]} Kc6 {[%clk 0:02:30]} 52. Kc3
{[%clk 0:00:52]} Kxb6 {[%clk 0:02:32]} 53. Kb3 {[%clk 0:01:01]} Kb5
{[%clk 0:02:41]} 54. Ka3 {[%clk 0:01:11]} a4 {[%clk 0:02:48]} 55. g4
{[%clk 0:01:20]} Ka5 {[%clk 0:02:56]} 56. g5 {[%clk 0:01:29]} b5 {[%clk 0:03:05]}
57. Kb2 {[%clk 0:01:38]} b4 {[%clk 0:03:14]} 58. Ka2 {[%clk 0:01:47]} a3
{[%clk 0:03:21]} 59. Kb3 {[%clk 0:01:34]} Kb5 {[%clk 0:03:28]} 60. Kc2
{[%clk 0:01:43]} Kc4 {[%clk 0:03:37]} 61. Kb1 {[%clk 0:01:52]} Kb3
{[%clk 0:03:34]} 62. Ka1 {[%clk 0:01:55]} Kc2 {[%clk 0:03:42]} 63. Ka2
{[%clk 0:02:04]} b3+ {[%clk 0:03:51]} 64. Kxa3 {[%clk 0:02:08]} b2
{[%clk 0:04:00]} 65. Kb4 {[%clk 0:02:16]} b1=Q+ {[%clk 0:04:07]} 66. Kc5
{[%clk 0:02:25]} Kc3 {[%clk 0:04:13]} 67. Kd6 {[%clk 0:02:34]} Qb6+
{[%clk 0:04:21]} 68. Ke7 {[%clk 0:02:42]} Kd4 {[%clk 0:04:26]} 69. Kf6
{[%clk 0:02:51]} Ke4 {[%clk 0:04:30]} 70. Kg7 {[%clk 0:03:00]} Qc7+
{[%clk 0:04:38]} 71. Kf6 {[%clk 0:03:04]} Qd8+ {[%clk 0:04:43]} 72. Kf7
{[%clk 0:03:13]} Qxg5 {[%clk 0:04:33]} 73. Kg7 {[%clk 0:03:23]} Kxe5
{[%clk 0:04:39]} 74. Kxh7 {[%clk 0:03:29]} Qxh6+ {[%clk 0:04:44]} 75. Kxh6
{[%clk 0:03:38]} Kf5 {[%clk 0:04:53]} 76. Kg7 {[%clk 0:03:46]} g5
{[%clk 0:05:02]} 77. Kf7 {[%clk 0:03:55]} g4 {[%clk 0:05:11]} 78. Ke7
{[%clk 0:04:04]} g3 {[%clk 0:05:20]} 79. Kd6 {[%clk 0:04:13]} g2 80. Kc5
{[%clk 0:04:21]} g1=Q+ {[%clk 0:05:34]} 81. Kb4 {[%clk 0:04:30]} Qc1
{[%clk 0:05:42]} 82. Kb3 {[%clk 0:04:39]} Ke4 {[%clk 0:05:51]} 83. Ka2
{[%clk 0:04:48]} Kd4 {[%clk 0:05:58]} 84. Kb3 {[%clk 0:04:57]} Qc3+
{[%clk 0:06:06]} 85. Ka2 {[%clk 0:05:06]} Qb4 {[%clk 0:06:15]} 86. Ka1
{[%clk 0:05:16]} Kc3 {[%clk 0:06:24]} 87. Ka2 {[%clk 0:05:25]} Qb2#
{[%clk 0:15:10]} 0-1

[Event "C10"]
[Site "?"]
[Date "2020.08.28"]
[Round "8.6"]
[White "Karaszewski, Gabriel"]
[Black "Sienicki, Oliwier"]
[Result "1-0"]
[BlackElo "1238"]
[WhiteElo "1385"]
[LiveChessVersion "1.4.8"]

1. e4 {[%clk 0:15:19]} c5 {[%clk 0:15:11]} 2. Nf3 {[%clk 0:15:26]} Nc6
{[%clk 0:15:17]} 3. Bb5 {[%clk 0:15:33]} g6 {[%clk 0:15:21]} 4. O-O
{[%clk 0:15:37]} Bg7 {[%clk 0:15:24]} 5. c3 {[%clk 0:15:45]} e6 {[%clk 0:14:43]}
6. d4 {[%clk 0:15:53]} cxd4 {[%clk 0:14:48]} 7. cxd4 {[%clk 0:16:03]} d5
{[%clk 0:14:52]} 8. exd5 {[%clk 0:15:52]} exd5 {[%clk 0:14:57]} 9. Re1+
{[%clk 0:15:57]} Nge7 {[%clk 0:15:04]} 10. Nc3 {[%clk 0:16:01]} O-O
{[%clk 0:15:04]} 11. Bg5 f6 {[%clk 0:14:03]} 12. Bf4 {[%clk 0:16:08]} Bg4
{[%clk 0:13:56]} 13. Be3 {[%clk 0:16:09]} Nf5 {[%clk 0:13:50]} 14. Bxc6 bxc6
{[%clk 0:13:52]} 15. h3 {[%clk 0:16:17]} Bxf3 {[%clk 0:13:54]} 16. Qxf3
{[%clk 0:16:25]} Re8 {[%clk 0:13:38]} 17. Rac1 {[%clk 0:16:20]} Nxe3
{[%clk 0:13:00]} 18. Rxe3 {[%clk 0:16:14]} Bh6 {[%clk 0:13:00]} 19. Rxe8+
{[%clk 0:16:19]} Qxe8 {[%clk 0:13:08]} 20. Rd1 {[%clk 0:16:17]} f5
{[%clk 0:13:04]} 21. Kf1 {[%clk 0:15:41]} Qd7 {[%clk 0:12:40]} 22. Qg3
{[%clk 0:14:26]} Re8 {[%clk 0:11:45]} 23. h4 {[%clk 0:14:12]} Qe7
{[%clk 0:10:24]} 24. Kg1 {[%clk 0:09:38]} f4 {[%clk 0:09:24]} 25. Qg4
{[%clk 0:09:30]} Qe6 {[%clk 0:08:50]} 26. Qxe6+ {[%clk 0:09:01]} Rxe6
{[%clk 0:08:55]} 27. Kf1 {[%clk 0:08:41]} Kf7 {[%clk 0:07:56]} 28. Na4
{[%clk 0:06:39]} Bf8 {[%clk 0:07:31]} 29. Nc5 {[%clk 0:06:48]} Bxc5
{[%clk 0:07:39]} 30. dxc5 {[%clk 0:06:57]} Re4 {[%clk 0:07:46]} 31. b3
{[%clk 0:06:35]} Ke6 {[%clk 0:07:27]} 32. Rd3 {[%clk 0:06:01]} Ke5
{[%clk 0:06:55]} 33. g3 {[%clk 0:05:11]} d4 {[%clk 0:05:37]} 34. f3
{[%clk 0:05:16]} Re3 {[%clk 0:05:22]} 35. gxf4+ {[%clk 0:05:24]} Kxf4
{[%clk 0:05:22]} 36. Rxd4+ {[%clk 0:05:33]} Kxf3 {[%clk 0:05:29]} 37. Rd7
{[%clk 0:05:34]} Rc3 {[%clk 0:05:34]} 38. Rf7+ {[%clk 0:05:39]} Kg4
{[%clk 0:05:34]} 39. Rxh7 {[%clk 0:05:47]} Rxc5 {[%clk 0:05:37]} 40. Rh6
{[%clk 0:05:31]} Kf3 {[%clk 0:05:34]} 41. Ke1 {[%clk 0:05:29]} Re5+
{[%clk 0:02:10]} 42. Kd1 {[%clk 0:05:18]} g5 {[%clk 0:01:41]} 43. hxg5
{[%clk 0:05:24]} Rxg5 {[%clk 0:01:40]} 44. Rxc6 {[%clk 0:05:32]} Ra5
{[%clk 0:01:45]} 45. a4 {[%clk 0:05:33]} Ke4 {[%clk 0:01:44]} 46. Kc2
{[%clk 0:05:38]} Kd5 {[%clk 0:01:40]} 47. Rh6 {[%clk 0:05:29]} Kc5
{[%clk 0:01:07]} 48. Kc3 {[%clk 0:05:29]} Kd5 {[%clk 0:00:19]} 49. Rh5+
{[%clk 0:05:37]} Kc6 {[%clk 0:00:27]} 50. Rxa5 {[%clk 0:05:45]} Kb6
{[%clk 0:00:36]} 51. b4 {[%clk 0:05:54]} a6 {[%clk 0:00:44]} 52. Rh5
{[%clk 0:06:02]} Kc6 {[%clk 0:00:53]} 53. Rh6+ {[%clk 0:06:11]} Kb7
{[%clk 0:01:02]} 54. Kc4 {[%clk 0:06:20]} Kc7 {[%clk 0:01:11]} 55. Rxa6
{[%clk 0:06:27]} Kb7 {[%clk 0:01:21]} 56. Rh6 {[%clk 0:06:36]} Kc7
{[%clk 0:01:29]} 57. Rh7+ {[%clk 0:06:45]} Kb6 {[%clk 0:01:37]} 58. a5+
{[%clk 0:06:53]} Ka6 {[%clk 0:01:46]} 59. b5+ {[%clk 0:06:51]} Kxa5
{[%clk 0:01:54]} 60. Rb7 {[%clk 0:07:00]} Ka4 {[%clk 0:02:01]} 61. Ra7#
{[%clk 0:07:09]} 1-0

[Event "C10"]
[Site "?"]
[Date "2020.08.28"]
[Round "8.8"]
[White "Zmarzly, Wiktor"]
[Black "Grobelny, Mikolaj"]
[Result "1-0"]
[BlackElo "1216"]
[WhiteElo "1313"]
[LiveChessVersion "1.4.8"]

1. c4 {[%clk 0:15:19]} e5 {[%clk 0:15:10]} 2. Nc3 {[%clk 0:15:27]} Nf6
{[%clk 0:15:09]} 3. g3 {[%clk 0:15:35]} d5 {[%clk 0:15:11]} 4. cxd5
{[%clk 0:15:43]} Nxd5 {[%clk 0:15:19]} 5. Bg2 {[%clk 0:15:51]} Nb6
{[%clk 0:15:26]} 6. Nf3 {[%clk 0:15:58]} Nc6 {[%clk 0:14:59]} 7. d3
{[%clk 0:16:07]} f6 {[%clk 0:12:12]} 8. O-O {[%clk 0:16:09]} Be6 {[%clk 0:11:19]}
9. a3 {[%clk 0:15:44]} Qd7 {[%clk 0:10:51]} 10. b4 {[%clk 0:15:11]} g5
{[%clk 0:07:25]} 11. Ne4 {[%clk 0:14:28]} Be7 {[%clk 0:06:53]} 12. Be3
{[%clk 0:14:07]} h5 {[%clk 0:04:42]} 13. Bc5 {[%clk 0:14:06]} Bh3
{[%clk 0:02:20]} 14. Bxe7 {[%clk 0:13:51]} Kxe7 {[%clk 0:01:33]} 15. Qc1
{[%clk 0:08:26]} Bxg2 {[%clk 0:00:51]} 16. Qc5+ {[%clk 0:08:31]} Kf7
{[%clk 0:00:43]} 17. Kxg2 {[%clk 0:08:36]} h4 {[%clk 0:00:23]} 18. Kg1
{[%clk 0:06:50]} h3 {[%clk 0:00:13]} 19. b5 {[%clk 0:06:45]} Nd4 {[%clk 0:00:13]}
20. Nexg5+ {[%clk 0:06:23]} Kg6 {[%clk 0:00:16]} 21. Nxd4 {[%clk 0:06:19]} Qxd4
{[%clk 0:00:12]} 22. Qxd4 {[%clk 0:06:04]} exd4 {[%clk 0:00:21]} 23. Nf3
{[%clk 0:06:09]} Rad8 {[%clk 0:00:24]} 24. Rac1 {[%clk 0:06:18]} Rd7
{[%clk 0:00:24]} 25. Rc5 {[%clk 0:06:02]} Na4 {[%clk 0:00:14]} 26. Rc4
{[%clk 0:05:30]} Nc3 {[%clk 0:00:16]} 27. Re1 {[%clk 0:05:13]} Nxb5
{[%clk 0:00:15]} 28. a4 {[%clk 0:05:16]} Nd6 {[%clk 0:00:13]} 29. Rxd4
{[%clk 0:05:17]} Kf7 {[%clk 0:00:14]} 30. e4 {[%clk 0:05:01]} Re8
{[%clk 0:00:19]} 31. e5 {[%clk 0:04:34]} fxe5 {[%clk 0:00:15]} 32. Rxe5
{[%clk 0:04:42]} Rxe5 {[%clk 0:00:13]} 33. Nxe5+ {[%clk 0:04:51]} Ke7
{[%clk 0:00:22]} 34. Nxd7 {[%clk 0:04:59]} Kxd7 {[%clk 0:00:31]} 35. f4
{[%clk 0:04:59]} c5 {[%clk 0:00:36]} 36. Rd5 {[%clk 0:05:06]} Kc6
{[%clk 0:00:33]} 37. Rh5 {[%clk 0:05:13]} b5 {[%clk 0:00:39]} 38. axb5+
{[%clk 0:05:18]} Kxb5 {[%clk 0:00:48]} 39. d4 {[%clk 0:05:25]} Nb7
{[%clk 0:00:43]} 40. dxc5 {[%clk 0:05:24]} Nxc5 {[%clk 0:00:51]} 41. f5
{[%clk 0:05:32]} Kc6 {[%clk 0:00:49]} 42. f6 {[%clk 0:05:38]} Nd7
{[%clk 0:00:58]} 43. f7 {[%clk 0:05:43]} Kd6 {[%clk 0:01:03]} 44. Ra5
{[%clk 0:05:17]} Nf8 {[%clk 0:01:00]} 45. Rxa7 {[%clk 0:05:25]} Ke6
{[%clk 0:01:09]} 46. Kf2 {[%clk 0:05:28]} Kf6 {[%clk 0:01:11]} 47. Kf3
{[%clk 0:05:33]} Ke6 {[%clk 0:01:17]} 48. Kg4 {[%clk 0:05:38]} Kf6
{[%clk 0:01:25]} 49. Kxh3 {[%clk 0:05:46]} Kg6 {[%clk 0:01:33]} 50. Kg4
{[%clk 0:05:51]} Kf6 {[%clk 0:01:41]} 51. h4 {[%clk 0:05:59]} Kg6
{[%clk 0:01:49]} 52. h5+ {[%clk 0:06:08]} Kh6 {[%clk 0:01:56]} 53. Ra8
{[%clk 0:06:14]} Kg7 {[%clk 0:01:54]} 54. Rxf8 {[%clk 0:06:13]} Kxf8
{[%clk 0:02:03]} 55. Kf5 {[%clk 0:06:20]} Kxf7 {[%clk 0:02:11]} 56. g4
{[%clk 0:06:29]} Kg7 {[%clk 0:02:20]} 57. g5 {[%clk 0:06:38]} Kh7
{[%clk 0:02:29]} 58. Kf6 {[%clk 0:06:44]} Kg8 {[%clk 0:02:38]} 59. g6
{[%clk 0:06:48]} Kh8 {[%clk 0:02:47]} 60. g7+ {[%clk 0:06:57]} Kg8
{[%clk 0:02:52]} 61. h6 {[%clk 0:07:05]} Kh7 {[%clk 0:03:01]} 62. Kf7
{[%clk 0:07:13]} 1-0

[Event "C10"]
[Site "?"]
[Date "2020.08.28"]
[Round "8.9"]
[White "Kudraszow, Filip"]
[Black "Oglaza, Dawid"]
[Result "1-0"]
[BlackElo "1297"]
[WhiteElo "1217"]
[LiveChessVersion "1.4.8"]

1. e4 {[%clk 0:15:19]} e5 {[%clk 0:15:18]} 2. Nf3 {[%clk 0:15:27]} Nc6
{[%clk 0:15:23]} 3. c3 {[%clk 0:15:35]} Nf6 {[%clk 0:15:06]} 4. d4
{[%clk 0:15:44]} exd4 {[%clk 0:15:05]} 5. e5 {[%clk 0:15:51]} Nd5
{[%clk 0:14:45]} 6. cxd4 {[%clk 0:16:00]} Bb4+ {[%clk 0:14:50]} 7. Bd2
{[%clk 0:16:08]} Bxd2+ {[%clk 0:14:55]} 8. Nbxd2 {[%clk 0:16:16]} O-O
{[%clk 0:14:59]} 9. Bc4 {[%clk 0:16:08]} Nb6 {[%clk 0:15:07]} 10. Bb3
{[%clk 0:16:16]} d5 {[%clk 0:15:04]} 11. O-O {[%clk 0:16:15]} Bg4
{[%clk 0:15:12]} 12. h3 {[%clk 0:16:18]} Bh5 {[%clk 0:15:17]} 13. Qc2
{[%clk 0:16:08]} Bg6 {[%clk 0:15:06]} 14. Qd1 {[%clk 0:16:09]} Bd3
{[%clk 0:15:00]} 15. Re1 {[%clk 0:15:49]} Bf5 {[%clk 0:14:44]} 16. a3
{[%clk 0:15:39]} Ne7 {[%clk 0:14:42]} 17. Rc1 {[%clk 0:15:36]} c6
{[%clk 0:14:38]} 18. Bc2 {[%clk 0:15:39]} Qd7 {[%clk 0:13:52]} 19. Nb3
{[%clk 0:15:27]} Nc4 {[%clk 0:13:38]} 20. Nc5 {[%clk 0:14:56]} Qc8
{[%clk 0:13:39]} 21. Bxf5 {[%clk 0:14:51]} Qxf5 {[%clk 0:13:25]} 22. b4
{[%clk 0:14:39]} b6 {[%clk 0:13:23]} 23. Nb7 {[%clk 0:13:00]} Nb2
{[%clk 0:12:47]} 24. Qc2 {[%clk 0:12:30]} Nd3 {[%clk 0:12:45]} 25. Nh4
{[%clk 0:12:16]} Nxe1 {[%clk 0:11:27]} 26. Nxf5 {[%clk 0:12:20]} Nxc2
{[%clk 0:11:35]} 27. Nxe7+ {[%clk 0:12:29]} Kh8 {[%clk 0:11:40]} 28. Rxc2
{[%clk 0:12:38]} Rab8 {[%clk 0:11:31]} 29. Nd6 {[%clk 0:12:28]} Rbd8
{[%clk 0:09:00]} 30. Nxc6 {[%clk 0:12:12]} Ra8 {[%clk 0:09:08]} 31. b5
{[%clk 0:11:56]} g6 {[%clk 0:09:04]} 32. Nb4 {[%clk 0:11:48]} Rad8
{[%clk 0:08:35]} 33. Rc7 {[%clk 0:11:16]} Kg8 {[%clk 0:08:33]} 34. Nxd5
{[%clk 0:11:13]} f6 {[%clk 0:08:27]} 35. Nxf6+ {[%clk 0:10:23]} Rxf6
{[%clk 0:07:15]} 36. exf6 {[%clk 0:10:32]} Rxd6 {[%clk 0:07:23]} 37. f7+
{[%clk 0:10:40]} Kg7 {[%clk 0:07:13]} 38. Rxa7 {[%clk 0:10:49]} Rxd4
{[%clk 0:07:19]} 39. Ra6 {[%clk 0:09:49]} Rd6 {[%clk 0:07:15]} 40. Ra7
{[%clk 0:09:56]} Rf6 {[%clk 0:06:45]} 41. Rb7 {[%clk 0:09:43]} Rd6
{[%clk 0:06:42]} 42. Kh2 {[%clk 0:09:38]} Rd3 {[%clk 0:06:40]} 43. Rxb6
{[%clk 0:09:31]} Rxa3 {[%clk 0:06:47]} 44. Rb7 {[%clk 0:09:40]} Rb3
{[%clk 0:06:54]} 45. b6 {[%clk 0:09:36]} Kf8 {[%clk 0:06:53]} 46. f3
{[%clk 0:09:12]} Rb4 {[%clk 0:06:59]} 47. g4 {[%clk 0:09:05]} g5 {[%clk 0:07:05]}
48. Kg3 {[%clk 0:08:47]} Rb3 {[%clk 0:06:59]} 49. Kf2 {[%clk 0:08:09]} Kg7
{[%clk 0:07:05]} 50. f8=Q+ Kxf8 {[%clk 0:07:10]} 51. Rxh7 {[%clk 0:07:15]} Rxb6
{[%clk 0:07:08]} 52. Rh5 {[%clk 0:07:10]} Rg6 {[%clk 0:07:03]} 53. h4
{[%clk 0:07:10]} gxh4 {[%clk 0:07:03]} 54. Rxh4 {[%clk 0:07:19]} Kg7
{[%clk 0:07:11]} 55. Kg3 {[%clk 0:07:19]} Rb6 {[%clk 0:07:10]} 56. Rh1
{[%clk 0:07:26]} Kg6 {[%clk 0:07:16]} 57. Ra1 {[%clk 0:07:34]} Kg7
{[%clk 0:07:10]} 58. Ra5 {[%clk 0:07:20]} Kg6 {[%clk 0:07:16]} 59. Rc5
{[%clk 0:07:26]} Kf6 {[%clk 0:07:13]} 60. g5+ {[%clk 0:07:20]} Kg6
{[%clk 0:07:22]} 61. Kg4 {[%clk 0:07:27]} Rb4+ {[%clk 0:07:20]} 62. f4
{[%clk 0:07:36]} Rb1 {[%clk 0:07:10]} 63. Rc6+ {[%clk 0:07:41]} Kg7
{[%clk 0:07:17]} 64. Rc7+ {[%clk 0:07:25]} Kg8 {[%clk 0:07:19]} 65. Ra7
{[%clk 0:07:22]} Kf8 {[%clk 0:07:23]} 66. f5 {[%clk 0:07:18]} Rg1+
{[%clk 0:07:30]} 67. Kh5 {[%clk 0:07:26]} Rh1+ {[%clk 0:07:18]} 68. Kg6
{[%clk 0:07:34]} Rb1 {[%clk 0:07:22]} 69. f6 {[%clk 0:07:43]} Rb8
{[%clk 0:07:21]} 70. Rf7+ {[%clk 0:07:33]} Ke8 {[%clk 0:07:27]} 71. Kg7
{[%clk 0:07:06]} Rb5 {[%clk 0:07:33]} 72. g6 {[%clk 0:07:08]} Rh5
{[%clk 0:07:28]} 73. Ra7 {[%clk 0:07:11]} Re5 {[%clk 0:06:56]} 74. f7+
{[%clk 0:07:18]} Kd8 {[%clk 0:06:58]} 75. f8=Q+ {[%clk 0:07:26]} 1-0